000 00367nam a2200169Ia 4500
003 0STCL
008 150530s9999 xx 000 0 und d
040 _aSTCL
_cSTCL
100 _aMunshi K M
245 _aPrathishodh
260 _bRajkumar Sons : Delhi
_c1998
300 _a0
546 _aHindi
942 _2ddc
_cBK
999 _c63574
_d63574
005 20220125171228.0